Powiaty na literę Ż - Statystyki

Ogólne statystyki
  • Ten quiz został rozwiązany 326 razy
  • Średni wynik to 6 z 7
Statystyki odpowiedzi
Województwo Powiat % Poprawnych
lubuskie żarski
96%
mazowieckie żyrardowski
93%
śląskie Żory
92%
lubuskie żagański
91%
śląskie żywiecki
88%
kujawsko-pomorskie żniński
86%
mazowieckie żuromiński
81%
Nie znaleziono quizów pasujących do podanych kryteriów
Rozkład punktacji
Procent ludzi z każdym wynikiem
Percentyl według liczby udzielonych odpowiedzi
Twoja historia wyników
Nie rozwiązałeś tego quizu